Rheumatology/ (Record no. 120494)

MARC details
000 -LEADER
fixed length control field 01271nam a2200373 a 4500
008 - FIXED-LENGTH DATA ELEMENTS--GENERAL INFORMATION
fixed length control field
020 ## - INTERNATIONAL STANDARD BOOK NUMBER
International Standard Book Number 9780702068652 (hardback)
040 ## - CATALOGING SOURCE
Original cataloging agency NUST
Transcribing agency NUST
049 ## - LOCAL HOLDINGS (OCLC)
Holding library MAIN
090 ## - LOCALLY ASSIGNED LC-TYPE CALL NUMBER (OCLC); LOCAL CALL NUMBER (RLIN)
Classification number (OCLC) (R) ; Classification number, CALL (RLIN) (NR) RC927
Local cutter number (OCLC) ; Book number/undivided call number, CALL (RLIN) RHE
003 - CONTROL NUMBER IDENTIFIER
control field
005 - DATE AND TIME OF LATEST TRANSACTION
control field 20230120204303.0
245 10 - TITLE STATEMENT
Title Rheumatology/
Statement of responsibility, etc. Marc C Hochberg ; Ellen M Gravallese ; Alan J Silman ; Josef S Smolen ; Michael E Weinblatt & Michael H Weisman.
250 ## - EDITION STATEMENT
Edition statement Seventh edition.
260 ## - PUBLICATION, DISTRIBUTION, ETC.
Place of publication, distribution, etc. Philadelphia, PA :
Name of publisher, distributor, etc. Elsevier,
Date of publication, distribution, etc. 2019.
300 ## - PHYSICAL DESCRIPTION
Extent xxxi, 1044 pages :
Other physical details illustrations (chiefly colour) ;
Dimensions 31 cm.
336 ## - CONTENT TYPE
Content type term text
Content type code txt
Source rdacontent
337 ## - MEDIA TYPE
Media type term unmediated
Media type code n
Source rdamedia
338 ## - CARRIER TYPE
Carrier type term volume
Carrier type code nc
Source rdacarrier
500 ## - GENERAL NOTE
General note Includes index.
504 ## - BIBLIOGRAPHY, ETC. NOTE
Bibliography, etc. note Includes bibliographical references.
650 #1 - SUBJECT ADDED ENTRY--TOPICAL TERM
Topical term or geographic name entry element Rheumatology.
650 ## - SUBJECT ADDED ENTRY--TOPICAL TERM
Topical term or geographic name entry element Rheumatism.
650 ## - SUBJECT ADDED ENTRY--TOPICAL TERM
Topical term or geographic name entry element Antirheumatic agents.
650 ## - SUBJECT ADDED ENTRY--TOPICAL TERM
Topical term or geographic name entry element Rheumatism
General subdivision Chemotherapy.
700 ## - ADDED ENTRY--PERSONAL NAME
Personal name Hochberg, Marc C.,
-- author.
700 ## - ADDED ENTRY--PERSONAL NAME
Personal name Gravallese, Ellen M.,
-- author.
700 ## - ADDED ENTRY--PERSONAL NAME
Personal name Silman, Alan J.,
-- author.
700 ## - ADDED ENTRY--PERSONAL NAME
Personal name Smolen, Josef S.,
-- author.
700 ## - ADDED ENTRY--PERSONAL NAME
Personal name Weinblatt, Michael E.,
-- author.
700 ## - ADDED ENTRY--PERSONAL NAME
Personal name Weisman, Michael H.,
-- author.
907 ## - LOCAL DATA ELEMENT G, LDG (RLIN)
a .b10403231
b 02-06-21
c 01-06-21
942 ## - ADDED ENTRY ELEMENTS (KOHA)
Koha item type Ordinary Loan Books
Call number prefix RC927
Call number suffix RHE
Holdings
Date last seen Total Checkouts Full call number Barcode Cost, replacement price Price effective from Koha item type Lost status Source of classification or shelving scheme Damaged status Not for loan Collection Withdrawn status Home library Current library Shelving location Date acquired Cost, normal purchase price
01/20/2023   RC927 RHE 92004047851 80.00 01/20/2023 BOOKS   LCC     NFIC   Medical Medical GEN 01/20/2023 80.00